000
00429nam a2200181 a 4500
005
20140412111416.0
008
070803s19uu xx 00 eng d
020
_a
0-15-320435-4
050
_a
TR(GS 510.7
_b
Ma42
245
_a
Harcourt Math :
_b
Practice workbook.
260
_a
U.S.A :
_b
Harcourt Inc.
300
_a
145
999
_c
105863
_d
105863